Представление документа в формате RUSMARC

ПолеНазваниеЗначение
  Тип записи a
  Библиографический уровень m
001 Контрольный номер RU/IS/BASE/530358670
005 Дата корректировки 20240207193753.0
010 Индекс ISBN __
a ISBN 978-5-00095-145-3
d Цена 311 р. 80 к.
b Уточнения в пер.
9 Тираж 2000 экз.
100 Данные общей обработки __
a Данные общей обработки 20161021d2016 ||| 0rusy0189 ca
101 Язык документа 0_
a Язык текста rus
102 Страна публикации __
a Страна публикации RU
105 Кодированные данные (монография) __
a Кодированные данные (монография) y###||||000|y
200 Заглавие и сведения об ответственности 1_
a Заглавие Легенды и были Гороховского переулка
b Общее обозначение материала Текст
f Первые сведения об ответственности Ольга Русецкая
210 Выходные данные 1_
a Место издания Москва
c Издательство У Никитских ворот
d Дата издания 2016
215 Физическое описание __
a Объем 123, [4] с.
c Иллюстрации/тип воспроизводства ил.
d Формат 15 см.
300 Общие примечания __
a Общие примечания В содерж.: "Я хочу потрогать облака" ; Дух Пушкина ; Церковный Шаляпин ; Никита напротив Никиты ; Скупой? Нет, романтик! ; Здесь часто бывал Достоевский и др.
600 Персоналии _1
a Персоналии (Фамилия) Пушкин
b Персоналии (Имя, инициалы) Александр Сергеевич
600 Персоналии _1
a Персоналии (Фамилия) Аксаков
b Персоналии (Имя, инициалы) Сергей Тимофеевич
600 Персоналии _1
a Персоналии (Фамилия) Григорьев
b Персоналии (Имя, инициалы) Аполлон Александрович
600 Персоналии _1
a Персоналии (Фамилия) Достоевский
b Персоналии (Имя, инициалы) Фёдор Михайлович
600 Персоналии _1
a Персоналии (Фамилия) Белинский
b Персоналии (Имя, инициалы) Виссарион Григорьевич
606 Тематические рубрики 1_
a Основная рубрика История России - Города - Москва
y Географическая подрубрика Москва, город
610 Ключевые слова 1_
a Ключевые слова города России
a Ключевые слова Гороховский переулок
a Ключевые слова исторические памятники
a Ключевые слова история России
a Ключевые слова московские музеи
a Ключевые слова московские храмы
a Ключевые слова переулки Москвы
a Ключевые слова русские архитекторы
610 Ключевые слова 0_
a Ключевые слова усадьбы Москвы
610 Ключевые слова 0_
a Ключевые слова достопримечательности Москвы
610 Ключевые слова 0_
a Ключевые слова архитектурные памятники Москвы
686 Индексы других классификаций __
a Классификационный индекс 63.3(2-2Мос)
2 Код системы rubbk
700 Автор _1
a Фамилия Русецкая
b Имя (инициалы) Ольга Алексеевна
g Полное личное имя О. А.
801 Источник записи _0
a Страна RU
b Организация Ульяновская ОБДЮ
c Дата составления 20161021
g Правила каталогизации RCR
801 Источник записи _1
a Страна RU
b Организация Ульяновская ОБДЮ
c Дата составления 20161021
g Правила каталогизации RCR
852 Данные о местонахождении __
a Наименование организации Ульяновская ОБДЮ
i Авторский знак Р 88
j Шифр хранения 63.3(2...)
901 Тип документа __
t Тип документа m
909 Создатель записи __
a Создатель записи Кузина Е.А.
910 Корректоры записи __
a Корректор записи Кузина Е.А.
919 __
a Кузина Е.А.
c Кузина Е.А.
g 201901
938 Служебная информация __
a Имя БД MarkBase